Loading...
Literature - American Literature | 1 | 4 | 0 | 1 | 55 | 74 | 127.80 | 0 | 1 |
Literature - World Literature | 0 | 5 | 0 | 1 | 50 | 103 | 127.00 | 0 | 2 |
Fine Arts - Visual Fine Arts | 0 | 4 | 0 | 3 | 40 | 109 | 134.25 | 0 | 0 |
Fine Arts - Classical Music and Opera | 1 | 3 | 2 | 2 | 35 | 60 | 126.00 | 1 | 1 |
Fine Arts - Other Fine Arts | 2 | 1 | 2 | 0 | 30 | 41 | 58.33 | 1 | 3 |
Literature - British Literature | 0 | 3 | 0 | 0 | 30 | 123 | 142.67 | 0 | 1 |
Literature - European Literature | 0 | 4 | 2 | 0 | 30 | 101 | 143.75 | 0 | 0 |
Other Academic | 1 | 1 | 0 | 0 | 25 | 80 | 80.50 | 0 | 1 |
History - US History | 0 | 2 | 0 | 1 | 20 | 122 | 125.50 | 0 | 0 |
Geography | 0 | 1 | 0 | 0 | 10 | 135 | 135.00 | 0 | 0 |
Philosophy | 0 | 0 | 0 | 0 | 0 | 0.00 | 0 | 0 | |
History - World History | 0 | 0 | 1 | 0 | -5 | 0.00 | 0 | 0 | |
History - Other History | 0 | 0 | 1 | 0 | -5 | 0.00 | 0 | 0 | |
Beliefs | 0 | 0 | 1 | 0 | -5 | 0.00 | 0 | 0 |